000 01300nam a22002297a 4500
999 _c168859
_d168859
005 20191030142144.0
010 _aB-730633
020 _a8189377043
_c300.00
035 _aB-730633
037 _bडी.बी.ए.डी./ उपहार
082 _a821
100 _aतिवारी, वंशीधर "विश्ववल्लभ"
245 _aपर्यावरण-परिचयः
_b(बाल-कविताएं) /
_c वंशीधर तिवारी, "विश्ववल्लभ"
246 _aपर्यावरण-परिचयः
260 _aदिल्ली
_bएरागाँन पबिलशर्स एण्ड डिस्ट्रीब्यूट्रर्स
_c2017
270 _aअप्पर ग्राउंड फ्लोर, 1376, कश्मीरी गेट
_bदिल्ली
_e110032
300 _a39 पृ.
_bसचित्र
_c24 सें.मी. (सजिल्द)
650 _aबाल-कविताएं
700 _aतिवारी, वंशीधर "विश्ववल्लभ"
_939741
942 _2ddc
_cCH
_h821
_mतिवारी